France - True or False - Statistics

General Stats
  • This quiz has been taken 98 times
  • The average score is 8 of 15
Answer Stats
Question Answer % Correct
France is the smallest European country. False
92%
Eating snails in France is highly illegal. False
92%
The croissant was actually invented in Austria in the 13th century; not France. True
92%
French was the official language of England for about 300 years True
75%
France was the first country to allow guns. False
67%
France has the most annual visitors out of every country in the world. True
67%
An American/Italian competitive archer married the Eiffel Tower. True
67%
The oldest person who ever lived was a French woman named Jeanne Louise Calment. True
58%
It is illegal to marry a dead person in France. False
50%
Louis XIX was the king of France for just 20 minutes, the shortest ever reign True
50%
The world’s first artificial heart transplant and face transplant both took place in France True
50%
France was the first country in the world to ban supermarkets from throwing away food True
33%
U.S. President Thomas Jefferson was the Prime Minister of France in 1784. True
25%
France was the first country to celebrate April Fools day. False
17%
The French people invented hair combs. False
8%
No matching quizzes found
Score Distribution
Percent of People with Each Score
Percentile by Number Answered
Your Score History
You have not taken this quiz